000 00436nam a2200157 4500
003 OSt
005 20221121110026.0
008 221117b |||||||| |||| 00| 0 eng d
040 _cBiblioteca Lado V
082 _a750
_bT693p
100 _9479
_aTorres, Alfredo
_ecurador
245 _aPablo Serrano/
260 _bEmbajada de EspaƱa
_c2004
_aUruguay
300 _a70p.
_c23x20cm
942 _2ddc
_c1
_iT693p
_h750
_n0
999 _c2704
_d2704